Cities in Austria or Hungary? - click quiz - Statistics

General Stats
  • This quiz has been taken 107 times
  • The average score is 15 of 16
Answer Stats
Hint Answer % Correct
Graz Austria
99%
Budapest Hungary
99%
Vienna Austria
97%
Debrecen Hungary
97%
Miskolc Hungary
97%
Linz Austria
96%
Traun Austria
96%
Pécs Hungary
96%
Szeged Hungary
94%
Érd Hungary
94%
Bregenz Austria
93%
Villach Austria
92%
Steyr Austria
87%
Leoben Austria
86%
Sopron Hungary
86%
Eger Hungary
72%
No matching quizzes found
Score Distribution
Percent of People with Each Score
Percentile by Number Answered
Your Score History
You have not taken this quiz